LIBRARY & INFORMATION CENTRE, KCAET, TAVANUR

ONLINE PUBLIC ACCESS CATALOGUE (OPAC)

Faerie Queene, / (Record no. 4454)

MARC details
000 -LEADER
fixed length control field 00402cam a2200169ua 4500
041 ## - LANGUAGE CODE
Language code of text/sound track or separate title eng
082 ## - DEWEY DECIMAL CLASSIFICATION NUMBER
Classification number 821
Item number BAY/FA
100 ## - MAIN ENTRY--AUTHOR NAME
Personal name Bayley, P C .
245 ## - TITLE STATEMENT
Title Faerie Queene, /
260 ## - PUBLICATION, DISTRIBUTION, ETC. (IMPRINT)
Place of publication London :
Name of publisher Oxford University Press ,
Year of publication 1966.
300 ## - PHYSICAL DESCRIPTION
Number of Pages 344 ; .
942 ## - ADDED ENTRY ELEMENTS (KOHA)
Koha item type Books
Holdings
Withdrawn status Lost status Damaged status Home library Current library Date acquired Full call number Accession Number Koha item type Public note
Withdrawn     KAUAET KAUAET 07/04/2012 821 4516 Books Deleted
Withdrawn     KAUAET Malayalam University 07/04/2012 821 11925 Books  
Withdrawn     KAUAET Sanskrit University 07/04/2012 821 11926 Books  
free website counter